[Event "Parana-chT 54th"]
[Site "Parana"]
[Date "2011.11.18"]
[Round "5"]
[White "Cabral, Carlos Mauricio"]
[Black "Lima, Adriano Mendes"]
[Result "1-0"]
[WhiteElo "1852"]
[BlackElo "1916"]
[PlyCount "61"]
[EventDate "2011.11.14"]
[EventType "team-swiss"]
[EventRounds "7"]
[EventCountry "BRA"]
[SourceTitle "EXT 2013"]
[Source "ChessBase"]
[SourceDate "2012.11.22"]
[SourceVersion "1"]
[SourceVersionDate "2012.11.22"]
[SourceQuality "1"]
[WhiteTeam "Campo Mourao"]
[BlackTeam "Araucaria"]
[WhiteTeamCountry "BRA"]
[BlackTeamCountry "BRA"]

1. d4 Nf6 2. Nf3 g6 3. c4 Bg7 4. Nc3 0-0 5. g3 d5 6. cxd5 Nxd5 7. Bg2 c5 8. e4 Nxc3 9. bxc3 cxd4 10. cxd4 Qa5+ 11. Bd2 Qb6 12. Rb1 Qa6 13. Qb3 Nd7 14. e5 Nb6 15. Bf1 Be6 16. Bxa6 Bxb3 17. axb3 bxa6 18. Ke2 Rfc8 19. Rhc1 h6 20. Rxc8+ Rxc8 21. Ra1 Nd5 22. Rxa6 Rc7 23. Kd3 Kf8 24. Ba5 Rb7 25. Kc4 e6 26. b4 Ke7 27. b5 h5 28. Nd2 Nb6+ 29. Bxb6 axb6 30. Kd3 Kd7 31. Nc4 1-0

[Event "Maringa op"]
[Site "Maringa"]
[Date "2011.07.01"]
[Round "3"]
[White "Palozi, Paulo Ricardo"]
[Black "Lima, Adriano Mendes"]
[Result "1-0"]
[WhiteElo "2275"]
[BlackElo "1840"]
[PlyCount "113"]
[EventDate "2011.06.30"]
[EventType "swiss"]
[EventRounds "7"]
[EventCountry "BRA"]
[SourceTitle "EXT 2014"]
[Source "ChessBase"]
[SourceDate "2013.11.20"]
[SourceVersion "1"]
[SourceVersionDate "2013.11.20"]
[SourceQuality "1"]

1. d4 Nf6 2. c4 g6 3. Nc3 Bg7 4. Nf3 0-0 5. g3 d6 6. Bg2 Nbd7 7. 0-0 e5 8. Bg5 c6 9. Qd2 e4 10. Ne1 Re8 11. Nc2 Qb6 12. Bf4 d5 13. Ne3 Nh5 14. cxd5 Nxf4 15. gxf4 Bxd4 16. dxc6 bxc6 17. Nxe4 Ba6 18. Nc2 Nf6 19. Qxd4 Nxe4 20. Qxb6 axb6 21. Rfe1 c5 22. b4 Rad8 23. bxc5 bxc5 24. Ne3 Nc3 25. Bf3 Rd2 26. Kf1 Nxa2 27. Nd5 Rb8 28. Nf6+ Kg7 29. Ne4 Rc2 30. Nxc5 Bc8 31. Nd3 Bf5 32. Ne5 h5 33. Kg2 Rb4 34. Kg3 Kf6 35. h4 Rbb2 36. Nc6 Bd7 37. Rxa2 Rxa2 38. Nb4 Bb5 39. Nxa2 Rxa2 40. e3 Bd7 41. Rb1 Be6 42. Rb6 Ra5 43. Bg2 Ke7 44. Be4 Rc5 45. Bc6 Kd8 46. Ba4 Kc7 47. Rxe6 fxe6 48. Be8 Kd6 49. Bxg6 Ke7 50. e4 Kf6 51. Be8 Ke7 52. Bg6 Kf6 53. f5 exf5 54. Bxf5 Rc3+ 55. Kf4 Rc4 56. Bd7 Ke7 57. Bb5 1-0

[Event "Barrinha Merli Memorial op"]
[Site "Barrinha"]
[Date "2010.07.03"]
[Round "3"]
[White "Lima, Adriano Mendes"]
[Black "Fuzatto, Alex Aparecido"]
[Result "1-0"]
[WhiteElo "1849"]
[BlackElo "1457"]
[PlyCount "65"]
[EventDate "2010.07.02"]
[EventType "swiss"]
[EventRounds "6"]
[EventCountry "BRA"]
[SourceTitle "EXT 2011"]
[Source "ChessBase"]
[SourceDate "2010.11.26"]
[SourceVersion "1"]
[SourceVersionDate "2010.11.26"]
[SourceQuality "1"]

1. e4 e6 2. d4 d5 3. Nc3 dxe4 4. f3 exf3 5. Qxf3 Nf6 6. Bg5 h6 7. Bf4 Bd6 8. 0-0-0 Bxf4+ 9. Qxf4 Qd6 10. Qh4 Nc6 11. Nf3 a6 12. Bc4 b5 13. d5 bxc4 14. dxc6 Qxc6 15. Ne5 Qc5 16. Rhe1 Bb7 17. Rd4 0-0 18. Rxc4 Qd6 19. Rd4 Bd5 20. Ng4 Nxg4 21. Rxg4 f5 22. Rg6 Rf6 23. Rxf6 gxf6 24. Qxf6 Qf8 25. Nxd5 exd5 26. Qg6+ Kh8 27. Re6 Qg7 28. Qxh6+ Qxh6+ 29. Rxh6+ Kg7 30. Rc6 Ra7 31. Rc5 d4 32. Rxf5 Kg6 33. Rd5 1-0